Word Scramble- Italian Cities - Statistics

General Stats
  • This quiz has been taken 156 times
    154 since last reset
  • The average score is 14 of 20
Answer Stats
Scramble Italian City % Correct
Mero Rome
97%
Olbgnoa Bologna
96%
Linam Milan
95%
Recenflo Florence
94%
Rintu Turin
94%
Niecve Venice
94%
Plesna Naples
83%
Riba Bari
80%
Nogea Genoa
72%
Mapar Parma
71%
Trestie Trieste
70%
Celce Lecce
69%
Duapa Padua
68%
Volirno Livorno
62%
Sciabre Brescia
56%
Taniaca Catania
52%
Tisa Asti
50%
Gamorbe Bergamo
49%
Topra Prato
49%
Simenas Messina
41%
No matching quizzes found
Score Distribution
Percent of People with Each Score
Percentile by Number Answered
Your Score History
You have not taken this quiz since the last reset